Online
Catalog

El problema de la pena / : (Record no. 12612)

MARC details
000 -CABECERA
campo de control de longitud fija 01033cam a2200289 a 4500
001 - NÚMERO DE CONTROL
campo de control 000012965
005 - FECHA Y HORA DE LA ÚLTIMA TRANSACCIÓN
campo de control 20240411201132.0
008 - DATOS DE LONGITUD FIJA--INFORMACIÓN GENERAL
campo de control de longitud fija 840703s1956 ag 000 0 spa
035 ## - NÚMERO DE CONTROL DEL SISTEMA
Número de control de sistema (DLC) 50015050
040 ## - FUENTE DE LA CATALOGACIÓN
Centro catalogador/agencia de origen DO-SdBNP
Lengua de catalogación spa
Centro/agencia transcriptor CarP
Centro/agencia modificador DLC
-- BNPHU
041 17 - CÓDIGO DE LENGUA
Código de lengua del texto/banda sonora o título independiente spa
Código de lengua original ita
Fuente del código Código de idioma MARC
082 ## - NÚMERO DE LA CLASIFICACIÓN DECIMAL DEWEY
Número de clasificación 345.0773
Número de documento/Ítem C289p
049 ## - FONDOS LOCALES (OCLC)
Fondos de biblioteca BNGR
100 1# - ENTRADA PRINCIPAL--NOMBRE DE PERSONA
Nombre de persona Carnelutti, Francesco,
Fechas asociadas al nombre 1879-1965.
9 (RLIN) 29887
240 03 - TÍTULO UNIFORME
Título uniforme Il problema della pena
Lenguaje de la obra Español.
245 13 - MENCIÓN DE TÍTULO
Título El problema de la pena / :
Resto del título Francesco Carnelutti ; traducción de Santiago Sentis Melendo.
260 ## - PUBLICACIÓN, DISTRIBUCIÓN, ETC.
Lugar de publicación, distribución, etc. Buenos Aires :
Nombre del editor, distribuidor, etc. E diciones Jurídicas Europa-América. (E.J.E.A),
Fecha de publicación, distribución, etc. 1956.
300 ## - DESCRIPCIÓN FÍSICA
Extensión 114 p. ;
Dimensiones 16 cm.
490 1# - MENCIÓN DE SERIE
Mención de serie Breviarios de Derecho
534 ## - NOTA SOBRE LA VERSIÓN ORIGINAL
Frase introductoria Título original en italiano:
Mención de título del original Il problema della pena.
650 #4 - PUNTO DE ACCESO ADICIONAL DE MATERIA--TÉRMINO DE MATERIA
Término de materia o nombre geográfico como elemento de entrada Penas
9 (RLIN) 29888
650 #0 - PUNTO DE ACCESO ADICIONAL DE MATERIA--TÉRMINO DE MATERIA
Término de materia o nombre geográfico como elemento de entrada Derecho penal
9 (RLIN) 17405
650 #4 - PUNTO DE ACCESO ADICIONAL DE MATERIA--TÉRMINO DE MATERIA
Término de materia o nombre geográfico como elemento de entrada Delitos
9 (RLIN) 9514
700 1# - PUNTO DE ACCESO ADICIONAL--NOMBRE DE PERSONA
Nombre de persona Sentis Melendo, Santiago,
Término indicativo de función/relación tr.
9 (RLIN) 29889
830 #0 - PUNTO DE ACCESO ADICIONAL DE SERIE-TÍTULO UNIFORME
Título uniforme Breviarios de Derecho
9 (RLIN) 29890
910 ## - DATOS DE OPCIÓN DEL USUARIO (OCLC)
Datos de opción del usuario Catalogación derivada
999 ## - NÚMEROS DE CONTROL DE SISTEMA (KOHA)
-- 0000037
Holdings
Estado de retiro Estado de pérdida Restricciones de uso No para préstamo Código de colección Localización permanente Ubicación/localización actual Ubicación en estantería Fecha de adquisición Número de inventario Total de préstamos Signatura topográfica completa Código de barras Fecha visto por última vez Precio válido a partir de Tipo de ítem Koha
    Préstamo interno   Monografías: Libros y Folletos General General En catalogación 18.11.2009 LF1   345.0773 C289p 12965-10 25.06.2020 25.06.2020 Préstamo interno

Powered by Koha